| 000 | 00830nam a22002777a 4500 | ||
|---|---|---|---|
| 005 | 20160901145447.0 | ||
| 008 | 150310b xxu||||| |||| 00| 0 spa d | ||
| 041 | _aspa | ||
| 082 | _a174.4 G958e | ||
| 100 |
_aGuillén Parra, Manuel _917301 |
||
| 245 | _aÉtica en las organizaciones: construyendo confianza | ||
| 260 |
_aEspaña _bPearson Educación _c2006 |
||
| 300 | _a357 páginas | ||
| 650 |
_aETICA _9489 |
||
| 650 |
_aETICA EMPRESARIAL _9389 |
||
| 650 |
_aETICA DE LOS NEGOCIOS _96362 |
||
| 650 |
_aETICA EN LAS ORGANIZACIONES _917302 |
||
| 650 |
_aETICA DEL TRABAJO _917303 |
||
| 650 |
_aETICA EN LAS DECISIONES _917304 |
||
| 650 |
_aCOMPORTAMIENTO HUMANO _96091 |
||
| 650 |
_aMOTIVACION _917305 |
||
| 650 |
_aLIDERAZGO _922 |
||
| 650 |
_aETICA SOCIAL _917306 |
||
| 650 |
_aCALIDAD DE ETICA _917307 |
||
| 942 | _cBK | ||
| 999 |
_c3828 _d3828 |
||